000 00296nam a22001217a 4500
008 190313b xxu||||| |||| 00| 0 eng d
041 _aeng
080 _a043.3
100 _a0
101 _aMBE-BA
245 _aFunksionet e Marketingut dhe Politikat kryesore te tij
_cColaj, V
942 _2udc
_cBK
999 _c54768
_d54768